Bezpečnostné analýzy kritickosti

Salvato in:
Dettagli Bibliografici
Autore principale: Valentín, Adam (Autore)
Altri autori: Farkas, Gabriel (Relatore della tesi)
Natura: Manoscritto Libro
Lingua:slovacco
Pubblicazione: Bratislava : STU v Bratislave FEI, 2025
Soggetti:
Accesso online:https://opac.crzp.sk/?fn=detailBiblioFormChildU12M9BT&sid=8D80AD18777FCC7F6AB7B24DC29E&seo=CRZP-detail-kniha
Tags: Aggiungi Tag
Nessun Tag, puoi essere il primo ad aggiungerne!!

MARC

LEADER 00000ntm a22000003a 4500
001 stuzp104220
003 SK-STU
005 20260203124008.7
007 ta
008 150427s2015----xo-----f-mn---000-0-slo-d
040 |a STU  |b slo 
041 0 |a slo 
044 |a xo 
100 1 |a Valentín, Adam  |u 036000  |4 aut  |U FEI Fakulta elektrotechniky a informatiky  |T FEI Ústav jadrového a fyzikálneho inžinierstva  |X 120715  |U E060  |Y 817  |7 120715 
242 0 1 |a Criticality Safety Analysis  |y eng 
245 1 0 |a Bezpečnostné analýzy kritickosti 
260 |a Bratislava :  |b STU v Bratislave FEI,  |c 2025 
300 |a 62 s. 
650 4 |a Monte Carlo  |2 slo 
650 4 |a kritickosť  |2 slo 
650 4 |a bezpečnostná analýza  |2 slo 
650 4 |a multiplikačný koeficient  |2 slo 
650 4 |a MCNP5  |2 slo 
650 4 |a criticality  |2 eng 
650 4 |a safety analysis  |2 eng 
650 4 |a Monte Carlo  |2 eng 
650 4 |a multiplication coefficient  |2 eng 
650 4 |a MCNP5  |2 eng 
700 1 |a Farkas, Gabriel  |u 036000  |k Z1  |4 ths  |U FEI Fakulta elektrotechniky a informatiky  |T FEI Ústav jadrového a fyzikálneho inžinierstva  |X 1891  |U E060  |Y 817  |7 A000001891 
856 4 |u https://opac.crzp.sk/?fn=detailBiblioFormChildU12M9BT&sid=8D80AD18777FCC7F6AB7B24DC29E&seo=CRZP-detail-kniha